[Event "ESP-chT2 Once"]
[Site "Fuengirola"]
[Date "2009.11.27"]
[Round "6.2"]
[White "Sancho Luno, Vicente"]
[Black "Bezanilla Fernandez, Angel"]
[Result "1/2-1/2"]
[WhiteElo "1819"]
[BlackElo "1747"]
[PlyCount "32"]
[EventDate "2009.11.22"]
[EventType "team-tourn"]
[EventRounds "7"]
[EventCountry "ESP"]
[SourceTitle "CBM 133 Extra"]
[Source "ChessBase"]
[SourceDate "2010.01.05"]
[SourceVersion "1"]
[SourceVersionDate "2010.01.05"]
[SourceQuality "1"]

1. e4 c5 2. Nf3 e6 3. Bc4 a6 4. a3 Qc7 5. d3 Nc6 6. h3 Nf6 7. 0-0 Be7 8. Nc3 0-0 9. Be3 Rb8 10. Qe2 b5 11. Ba2 Bb7 12. Bf4 d6 13. Rfe1 Nd7 14. Rab1 Bf6 15. Bg5 Nce5 16. Nxe5 Bxg5 1/2-1/2